|
|
|
|
| LEADER |
00000nam0a2200000 4500 |
| 001 |
277885 |
| 005 |
20231101235047.0 |
| 010 |
|
|
|a 9785906702036
|
| 035 |
|
|
|a (RuTPU)RU\TPU\book\301162
|
| 090 |
|
|
|a 277885
|
| 100 |
|
|
|a 20141206d2013 k y0rusy50 ca
|
| 101 |
0 |
|
|a rus
|
| 102 |
|
|
|a RU
|
| 105 |
|
|
|a a z 001zy
|
| 200 |
1 |
|
|a Основы дезактивации. Способы и технические средства дезактивации
|f В. Г. Крицкий, Ю. А. Родионов
|g Росатом ; Восточно-Европейский головной научно-исследовательский и проектный институт энергетических технологий (ГИ ВНИПИЭТ)
|
| 210 |
|
|
|a Санкт-Петербург
|c КСИ-Принт
|d 2013
|
| 215 |
|
|
|a 464 с.
|c ил.
|
| 225 |
1 |
|
|a Дезактивация объектов ядерного топливного цикла
|v Вып. 1
|
| 320 |
|
|
|a Библиогр.: с. 435-453.
|
| 330 |
|
|
|a В книге рассматриваются физико-химические основы радиоактивного загрязнения различных поверхностей, возникающих на объектах использования атомной энергии, в том числе и при аварийных ситуациях. В частности, при эксплуатации АЭС, большой вклад в образование радиоактивных загрязнений вносят продукты коррозии конструкционных материалов.Изложены основы теории и практики дезактивации. Описываются методы оценки эффективности дезактивации, физико-химические процессы при удалении частиц; кинетика десорбции радионуклидов и радиоактивных частиц с поверхности; десорбция ионов с поверхности полимерных материалов; растворение оксидов металлов; растворение и травление металлов.Приводится подробное иллюстрированное описание современных способов и технических средств дезактивации, как уже применяемых на различных объектах ЯТЦ, так и перспективных для разработки и внедрения в будущем.Книга является первой в серии книг, посвященных дезактивации. Планируется также издание следующих книг; «Дезактивация АЭС с водным теплоносителем», «Дезактивация АЭС и ЯЭУ с жидкометаллическим теплоносителем», «Дезактивация заводов по переработке облученного ядерного топлива».Книга будет полезна для инженерно-технического персонала объектов ЯТЦ: АЭС разного типа, корабельных ЯЭУ, промышленных заводов по переработке ОЯТ, научных работников, проектировщиков, студентов и аспирантов, специализирующихся в области дезактивации.
|
| 606 |
1 |
|
|a Дезактивация
|2 stltpush
|3 (RuTPU)RU\TPU\subj\8985
|9 36286
|
| 610 |
1 |
|
|a атомная энергия
|
| 610 |
1 |
|
|a поверхности
|
| 610 |
1 |
|
|a загрязнение
|
| 610 |
1 |
|
|a физико-химические основы
|
| 610 |
1 |
|
|a радиоциклиды
|
| 610 |
1 |
|
|a сорбция
|
| 610 |
1 |
|
|a Чернобыльская авария
|
| 610 |
1 |
|
|a радиоактивные загрязнения
|
| 610 |
1 |
|
|a конструкционные материалы
|
| 610 |
1 |
|
|a коррозия
|
| 610 |
1 |
|
|a дезактивирующие процессы
|
| 610 |
1 |
|
|a дезактивирующие растворы
|
| 610 |
1 |
|
|a способы
|
| 610 |
1 |
|
|a технические средства
|
| 675 |
|
|
|a 621.039.75
|v 3
|
| 700 |
|
1 |
|a Крицкий
|b В. Г.
|
| 701 |
|
1 |
|a Родионов
|b Ю. А.
|
| 712 |
0 |
2 |
|a Росатом
|c Государственная корпорация по атомной энергии
|c (2008- )
|2 stltpush
|3 (RuTPU)RU\TPU\col\14349
|9 25907
|
| 712 |
0 |
2 |
|a Восточно-Европейский головной научно-исследовательский и проектный институт энергетических технологий (ГИ ВНИПИЭТ)
|c Открытое акционерное общество
|c (Санкт-Петербург)
|c (2008-2014)
|2 stltpush
|3 (RuTPU)RU\TPU\col\20151
|
| 801 |
|
1 |
|a RU
|b 63413507
|c 20141206
|
| 801 |
|
2 |
|a RU
|b 63413507
|c 20141215
|g RCR
|
| 942 |
|
|
|c BK
|